ARRUPE JESUIT UNIVERSITY

CORONAVIRUS -STOP THE SPREAD - CLEAN,DISINFECT,COVER

Routledge philosophy guidebook to Kant on judgment / (Record no. 128061)

MARC details
000 -LEADER
fixed length control field 01893cam a2200457 a 4500
001 - CONTROL NUMBER
control field 14418956
003 - CONTROL NUMBER IDENTIFIER
control field ARRUPE
005 - DATE AND TIME OF LATEST TRANSACTION
control field 20180903085738.0
008 - FIXED-LENGTH DATA ELEMENTS--GENERAL INFORMATION
fixed length control field 060619s2007 enk b 001 0 eng
010 ## - LIBRARY OF CONGRESS CONTROL NUMBER
LC control number 2006020182
015 ## - NATIONAL BIBLIOGRAPHY NUMBER
National bibliography number GBA669887
Source bnb
016 7# - NATIONAL BIBLIOGRAPHIC AGENCY CONTROL NUMBER
Record control number 013531777
Source Uk
020 ## - INTERNATIONAL STANDARD BOOK NUMBER
International Standard Book Number 9780415281102
020 ## - INTERNATIONAL STANDARD BOOK NUMBER
International Standard Book Number 0415281105
020 ## - INTERNATIONAL STANDARD BOOK NUMBER
International Standard Book Number 9780415281119 (pbk.)
020 ## - INTERNATIONAL STANDARD BOOK NUMBER
International Standard Book Number 0415281113 (pbk.)
020 ## - INTERNATIONAL STANDARD BOOK NUMBER
International Standard Book Number 020364297X (ebk.)
020 ## - INTERNATIONAL STANDARD BOOK NUMBER
International Standard Book Number 9780203642979 (ebk.)
035 ## - SYSTEM CONTROL NUMBER
System control number (OCoLC)ocm70174901
035 ## - SYSTEM CONTROL NUMBER
System control number (OCoLC)70174901
Canceled/invalid control number (OCoLC)166379587
040 ## - CATALOGING SOURCE
Original cataloging agency DLC
Transcribing agency DLC
Modifying agency UKM
-- BAKER
-- BTCTA
-- YDXCP
-- BWKUK
-- BWK
-- DLC
050 00 - LIBRARY OF CONGRESS CALL NUMBER
Classification number B2784
Item number .W53 2007
082 00 - DEWEY DECIMAL CLASSIFICATION NUMBER
Classification number 121
Edition number 22
300 ## - PHYSICAL DESCRIPTION
Dimensions 21 cm.
100 1# - MAIN ENTRY--PERSONAL NAME
Personal name Wicks, Robert,
Dates associated with a name 1954-
9 (RLIN) 6825
245 10 - TITLE STATEMENT
Title Routledge philosophy guidebook to Kant on judgment /
Statement of responsibility, etc Robert Wicks.
246 30 - VARYING FORM OF TITLE
Title proper/short title Kant on judgment
260 ## - PUBLICATION, DISTRIBUTION, ETC. (IMPRINT)
Place of publication, distribution, etc London ;
-- New York :
Name of publisher, distributor, etc Routledge,
Date of publication, distribution, etc 2007.
300 ## - PHYSICAL DESCRIPTION
Extent xvi, 290 p. ;
440 #0 - SERIES STATEMENT/ADDED ENTRY--TITLE
Title Routledge philosophy guidebooks
9 (RLIN) 41868
504 ## - BIBLIOGRAPHY, ETC. NOTE
Bibliography, etc Includes bibliographical references (p. [262]-279) and index.
600 10 - SUBJECT ADDED ENTRY--PERSONAL NAME
Personal name Kant, Immanuel,
Dates associated with a name 1724-1804.
Title of a work Kritik der Urteilskraft.
9 (RLIN) 13823
650 #0 - SUBJECT ADDED ENTRY--TOPICAL TERM
Topical term or geographic name as entry element Judgment (Logic)
9 (RLIN) 13825
650 #0 - SUBJECT ADDED ENTRY--TOPICAL TERM
Topical term or geographic name as entry element Judgment (Aesthetics)
9 (RLIN) 21065
650 #0 - SUBJECT ADDED ENTRY--TOPICAL TERM
Topical term or geographic name as entry element Aesthetics.
9 (RLIN) 41869
650 #0 - SUBJECT ADDED ENTRY--TOPICAL TERM
Topical term or geographic name as entry element Teleology.
9 (RLIN) 13827
906 ## - LOCAL DATA ELEMENT F, LDF (RLIN)
a 7
b cbc
c orignew
d 1
e ecip
f 20
g y-gencatlg
942 ## - ADDED ENTRY ELEMENTS (KOHA)
Source of classification or shelving scheme Library of Congress Classification
Koha item type Monograph ( Printed materials)
Holdings
Withdrawn status Lost status Source of classification or shelving scheme Damaged status Not for loan Home library Current library Date acquired Total Checkouts Full call number Barcode Date last seen Price effective from Koha item type
    Library of Congress Classification     ARRUPE LIBRARY ARRUPE LIBRARY 03/09/2018   B2784 .W53 2007 46600002353 03/09/2018 03/09/2018 Monograph ( Printed materials)

 

Arrupe Library. PO Box MP320 Mt Pleasant, Harare, Zimbabwe
263 242 745411|librarian@aju.ac.zw